000 01991cam a2200481 4500
001 23930
005 20230404125956.0
008 060907s2004 sp spa
020 _a8484325245
035 _9funglode24103
041 _aspa
050 1 4 _a104 F 3101
_bK84p 2004
082 0 0 _a983.06/5
100 1 _aKornbluh, Peter
245 1 0 _aPinochet :
_blos archivos secretos /
_cPeter Kornbluh; trad. David León Gómez
260 _aBarcelona :
_bCrítica,
_c2004
300 _a381 p.:
_c24cm.
440 0 _aMemoria Crítica
500 _aTraducido del idioma original: The Pinochet file: a declassified dosier on atrocity and accountability.
504 _aContiene índices y notas.
600 1 0 _aPinochet Ugarte, Augusto.
651 0 _aChile
_xHistory
_y1970-1973
_vSources.
651 0 _aChile
_xHistory
_y1973-1988
_vSources.
651 0 _aChile
_xHistory
_y1988-
_vSources.
650 0 _aHuman rights
_zChile
_xHistory
_y20th century
_vSources.
650 0 _aState-sponsored terrorism
_zChile
_xHistory
_y20th century
_vSources.
650 0 _aSubversive activities
_zChile
_xHistory
_y20th century
_vSources.
610 1 0 _aUnited States.
_bCentral Intelligence Agency
_vSources.
651 0 _aChile
_xRelations
_zUnited States
_vSources.
651 0 _aUnited States
_xRelations
_zChile
_vSources.
600 1 4 _aPinochet Ugarte, Augusto.
610 1 4 _aEstados Unidos.
_bCentral Intelligence Agency
_vFuentes.
650 4 _aDerechos humanos
_zChile
_xHistoria
_ySiglo XX
_vFuentes.
650 4 _aTerrorismo de estado
_zChile
_xHistoria
_ySiglo XX
_vFuentes.
650 4 _aActividades subversivas
_zChile
_xHistoria
_ySiglo XX
_vFuentes.
651 4 _aChile
_xHistoria
_y1970-1973
_vFuentes.
651 4 _aChile
_xHistoria
_y1973-1988
_vFuentes.
651 4 _aChile
_xHistoria
_y1988-
_vFuentes.
651 4 _aChile
_xRelaciones exteriores
_zEstados Unidos
_vFuentes.
651 4 _aEstados Unidos
_xRelaciones exteriores
_zChile
_vFuentes.
700 1 _aLeón Gómez, David
942 _2lcc
_cbk
999 _c8450
_d8450